00936nam a22002654a 450000500170000000800410001701000150005802000110007303500140008403700090009804000180010708200140012510000180013924500450015726000400020230000290024250000890027152001080036054600340046865000480050265000580055070000210060870000170062970000240064620240903115124.0070914s2007 ii a b 000 0 eng  aENG-141588 c225.00 aEN-125120 bDBAD adplbEnglish  a398.20954 aBompas, C.H.  aFolklore of the kolhan/cBy C.H. Bompas  aKolkatabThe Asiatic Society,c2006 axii, 95 p. c24 cm (Hb)  aPreviously published in the 2nd issue of the Journal of the Asiatic Society in 1902. aCollection of folk stories of Ho and Santals, tribal communities, from Kolhan in Chota Nāgpur Region. aIncludes passages in Bengali. aHo (Indic people)zIndiazKolhanxFolklore. aSantal (South Asian people)zIndiazKolhanxFolklore. aSengupta, Pallab aBasu, Arpita aBasu, Sarmistha De